Biggest cities in Switzerland -- A-Z - Statistics

General Stats
  • This quiz has been taken 31 times
    20 since last reset
  • The average score is 12 of 23
Answer Stats
# Population City % Correct
B 171.433 Basel
100%
Z 409.120 Zürich
100%
C 35.031 Chur
88%
G 200.485 Genf
88%
A 21.268 Aarau
82%
L 138.861 Luzern
82%
S 75.508 St. Gallen
76%
W 110.871 Winterthur
76%
N 33.565 Neuenburg
71%
F 38.513 Freiburg
65%
T 43.738 Thun
65%
U 34.506 Uster
47%
D 28.137 Dübendorf
35%
K 41.490 Köniz
35%
M 26.572 Montreux
35%
E 30.680 Emmen
29%
V 35.115 Vernier
29%
Y 30.140 Yverdon-les-Bains
29%
H 20.321 Horgen
24%
R 26.980 Rapperswil-Jona
24%
O 19.973 Opfikon
18%
I 16.969 Illnau-Effretikon
12%
P 18.159 Pully
12%
No matching quizzes found
Score Distribution
Percent of People with Each Score
Percentile by Number Answered
Your Score History
You have not taken this quiz since the last reset